000 00396nam a2200145Ia 4500
008 150201s2003 xx 000 0 und d
082 _a617.6
_bM2003H
100 _aHEASMAN,PETER
245 _aMASTER DENTISTRY: RESTORATIVE DENTISTRY
250 _a1ST
260 _bCHURCHILL LIVINGSTONE
_aEDINBURGH
_c2003
300 _a1-378
650 _aCONSERVATIVE DENTISTRY & ENDODONTICS
942 _2ddc
_cBK
999 _c3553
_d3553